K@ta: A Biannual Publication on the Study of Language and Literature | Petra Christian University

Бібліографічні деталі
Формат: Електронний ресурс Журнал
Мова:English
Опубліковано: Cambridge University Press
Онлайн доступ:Full text available on Research4Life (HINARI,AGORA,OARE,ARDI & GOALI)
LEADER 00762cas a2200169 a 4500
001 AALejournalResearch4Life006331
008 240902c9999 xx r poo 0 0eng d
022 |a 14112639 
040 |a BD-DhAAL  |c BD-DhAAL 
245 0 0 |h [electronic resource]  |a K@ta: A Biannual Publication on the Study of Language and Literature | Petra Christian University 
260 |b Cambridge University Press 
300 |a 1 online resource 
362 0 |a 1999 - current issue 
500 |a <strong>On-Campus Access Only (IP based access)</strong> 
506 |a Electronic access restricted to authorized BRAC University faculty, staff and students 
538 |a Mode of access: Internet 
856 4 0 |z Full text available on Research4Life (HINARI,AGORA,OARE,ARDI & GOALI)  |u http://kata.petra.ac.id/